| 000 | 00468nam a2200169Ia 4500 | ||
|---|---|---|---|
| 999 |
_c57 _d57 |
||
| 003 | OSt | ||
| 005 | 20210216110134.0 | ||
| 008 | 190216s9999||||xx |||||||||||||| ||und|| | ||
| 040 | _coclc | ||
| 082 |
_a297.1 _bJAM/I |
||
| 100 |
_aJameelah, Maryam _92159 |
||
| 245 | 0 |
_aIslam And Modernism / _cMaryam Jameelah |
|
| 260 |
_bMuhammed Yusuf Khan, _c1968. _aLahore. |
||
| 300 | _a251p | ||
| 650 | _aArabic | ||
| 942 |
_cBK _2ddc _h297.1 _iJAM/I _k297.1 _mJAM/I |
||